| 000 | 01123nac a22003017a 4500 | ||
|---|---|---|---|
| 001 | BR8708152 | ||
| 003 | BR-BrBNA | ||
| 005 | 20240105120643.0 | ||
| 008 | 230509b bl.|||m| |||| 00| 0 por d | ||
| 040 |
_aBR-BrBNA _bpor _cBiblioteca Nacional de Agricultura |
||
| 072 | _aF03 | ||
| 090 | _a0430 BR8708152 | ||
| 100 | 1 | _aPereira, D.A. | |
| 100 | 1 | _aSzpiz, R.R. | |
| 100 | 1 | _aJablonka, F.H. | |
| 100 | 1 | _aSiqueira, F.A.R. | |
| 110 | 1 | _aCentro Nacional de Pesquisa de Tecnologia Agroindustrial de Alimentos, Rio de Janeiro, RJ (Brasil) | |
| 245 | 1 | _aComposicao quimica das sementes de algumas cultivares de algodao no Nordeste Brasileiro [Gossypium] | |
| 246 | 1 | _a[Chemical composition of some varieties of cotton in the northeast of Brazil] | |
| 260 | 3 |
_aRio de Janeiro, RJ (Brasil): _c1986. |
|
| 300 | _a5 p. | ||
| 490 |
_aComunicado Tecnico - Centro Nacional de Pesquisa de Tecnologia Agroindustrial de Alimentos (Brazil) _vno. 10 _xISSN 0101-5508 |
||
| 650 | _aALGODAO | ||
| 650 | _aSEMENTE | ||
| 650 | _aCOMPOSICAO QUIMICA | ||
| 909 |
_a202312 _bLúcia Elande _c55 _dLúcia Elande |
||
| 942 |
_2AGRIS _n0 _cMS |
||
| 999 |
_c280702 _d280702 |
||